Statistics for Daredevil Season 1

Click here to take the quiz!

General Stats

  • This quiz has been taken 85 times
  • The average score is 4 of 13

Answer Stats

HintAnswer% Correct
Matt dons his new suit and takes down Fisk and everyone working for him.Daredevil
89%
Matt and his old master Stick take down Black Sky.Stick
38%
Matt and Foggy meet Karen. Matt becomes the Man in Black begins his war on crime.Into the Ring
31%
Foggy confronts Matt. Karen and Ben track down Fisk's mother. Vanessa is poisoned.Nelson vs. Murdock
31%
Matt and Foggy defend an assassin working for Wilson Fisk. We see Fisk for the first time.Rabbit in a Snowstorm
30%
Matt meets Claire and rescues a young boy from the Russians.Cut Man
26%
We find out in flashbacks that Fisk murdered his father as a boy.Shadows in the Glass
20%
Matt and Vladimir are trapped together in an abandoned warehouse while fleeing the police.Condemned
18%
Matt rescues Claire from the Russians. Anatoly Ranskohov gets his head smashed off.In the Blood
18%
Fisk has Mrs. Cardenas murdered. Matt is almost killed by Fisk and Nobu. Foggy finds out that Matt is the Man in Black.Speak of the Devil
16%
Matt meets Melvin Potter and asks him to make a new suit. Vanessa begins to recover. Karen kills Wesley after he kidnaps her.The Path of the Righteous
16%
Matt takes down Madame Gao's heroin operation. Fisk murders Ben.The Ones We Leave Behind
15%
Vladimir Ranskohov seeks revenge for his brother's murder.A World on Fire
8%

Score Distribution

Percentile by Number Answered

Percent of People with Each Score

Your Score History

You have not taken this quiz